LIBRARY & INFORMATION CENTRE, KCAET, TAVANUR

ONLINE PUBLIC ACCESS CATALOGUE (OPAC)

Shapikkappetta Shapadam / (Record no. 54)

MARC details
000 -LEADER
fixed length control field 00406cam a2200169ua 4500
041 ## - LANGUAGE CODE
Language code of text/sound track or separate title mal
082 ## - DEWEY DECIMAL CLASSIFICATION NUMBER
Classification number 894.812308
Item number BAS/SH
100 ## - MAIN ENTRY--AUTHOR NAME
Personal name Bhaskaran, Tatapuram .
245 ## - TITLE STATEMENT
Title Shapikkappetta Shapadam /
260 ## - PUBLICATION, DISTRIBUTION, ETC. (IMPRINT)
Place of publication Thrissur :
Name of publisher Current Books ,
Year of publication 1985.
300 ## - PHYSICAL DESCRIPTION
Number of Pages 259 ; .
942 ## - ADDED ENTRY ELEMENTS (KOHA)
Koha item type Books
003 - CONTROL NUMBER IDENTIFIER
control field @
003 - CONTROL NUMBER IDENTIFIER
control field OSt
Holdings
Withdrawn status Lost status Damaged status Home library Current library Date acquired Full call number Accession Number Koha item type
Withdrawn     KAUAET Sanskrit University 07/04/2012 894.812308 1325 Books
free website counter